| 000 | 00440nam a2200169Ia 4500 | ||
|---|---|---|---|
| 003 | GCL | ||
| 008 | 140319s9999 xx 000 0 ara d | ||
| 040 |
_aGCL / _cGCL |
||
| 082 | 0 | 4 |
_a811.052 _bم م |
| 245 | 1 | 0 | _aالموشحات الاندلسية |
| 300 | _a320 ص | ||
| 490 |
_aعالم المعرفة _v0 |
||
| 650 | 0 | 4 | _aالادب العربى |
| 650 | 0 | 4 | _aالشعر الغنائى |
| 650 | 0 | 4 | _aالموشحات |
| 942 |
_2ddc _cBK |
||
| 999 |
_c47363 _d47363 |
||